Brytyjskie zespoły muzyczne - Nagła śmierć - Statystyki

Ogólne statystyki
  • Ten quiz został rozwiązany 77 razy
  • Średni wynik to 6 z 16
Answers on the Grid
Answers color-coded by a green-red scale on the quiz's grid according to % correct below.
Black Sabbath
AC/DC
Imagine Dragons
Oasis
Rolling Stones
Bon Jovi
The Clash
The Doors
Fall Out Boy
Journey
Led Zeppelin
The Animals
Guns N' Roses
Dire Straits
Eagles
The White Stripes
Iron Maiden
Pink Floyd
Killers
Deep Purple
Metallica
Pet Shop Boys
Queen
Daft Punk
The Who
ABBA
Pearl Jam
Blur
Rush
Genesis
King Crimson
R.E.M.
 
Statystyki odpowiedzi
Odpowiedź % Poprawnych
Black Sabbath
59%
Queen
56%
Rolling Stones
54%
Oasis
44%
Pink Floyd
44%
Led Zeppelin
41%
Pet Shop Boys
39%
The Clash
37%
Genesis
32%
Iron Maiden
32%
The Who
32%
Deep Purple
29%
King Crimson
27%
Dire Straits
24%
Blur
22%
The Animals
22%
Nie znaleziono quizów pasujących do podanych kryteriów
Rozkład punktacji
Procent ludzi z każdym wynikiem
Percentyl według liczby udzielonych odpowiedzi
Twoja historia wyników
Nie rozwiązałeś tego quizu